|
|
|
|
| LEADER |
01739nam a2200409 a 4500 |
| 001 |
EBC765501 |
| 003 |
MiAaPQ |
| 005 |
20200520144314.0 |
| 006 |
m o d | |
| 007 |
cr cn||||||||| |
| 008 |
110516s2011 dcu sb 000 0 eng d |
| 010 |
|
|
|z 2011019447
|
| 020 |
|
|
|z 9780821388228
|
| 020 |
|
|
|a 9780821388242 (electronic bk.)
|
| 035 |
|
|
|a (MiAaPQ)EBC765501
|
| 035 |
|
|
|a (Au-PeEL)EBL765501
|
| 035 |
|
|
|a (CaPaEBR)ebr10506416
|
| 035 |
|
|
|a (OCoLC)748242162
|
| 040 |
|
|
|a MiAaPQ
|c MiAaPQ
|d MiAaPQ
|
| 050 |
|
4 |
|a HG6047.E43
|b M38 2011
|
| 082 |
0 |
4 |
|a 333.793/23
|2 23
|
| 100 |
1 |
|
|a Maurer, Luiz.
|
| 245 |
1 |
0 |
|a Electricity auctions
|h [electronic resource] :
|b an overview of efficient practices /
|c Luiz T.A. Maurer, Luiz A. Barroso ; with support from: Jennifer M. Chang ... [et al.].
|
| 260 |
|
|
|a Washington, D.C. :
|b World Bank,
|c 2011.
|
| 300 |
|
|
|a xix, 155 p.
|
| 490 |
0 |
|
|a World Bank study
|
| 504 |
|
|
|a Includes bibliographical references.
|
| 505 |
0 |
|
|a Introduction -- Auctions--basic concepts -- Electricity auctions : experiences in different jurisdictions -- Auctions in Latin America -- Auctions in Asia, Oceania, Europe, North America, and multi-country -- Auctions and renewable energy sources -- Main lessons -- Conclusions.
|
| 533 |
|
|
|a Electronic reproduction. Ann Arbor, MI : ProQuest, 2015. Available via World Wide Web. Access may be limited to ProQuest affiliated libraries.
|
| 650 |
|
0 |
|a Electric utilities.
|
| 650 |
|
0 |
|a Commodity exchanges.
|
| 650 |
|
0 |
|a Auctions.
|
| 655 |
|
4 |
|a Electronic books.
|
| 700 |
1 |
|
|a Barroso, Luiz A.
|
| 700 |
1 |
|
|a Chang, Jennifer M.
|
| 710 |
2 |
|
|a ProQuest (Firm)
|
| 856 |
4 |
0 |
|u https://ebookcentral.proquest.com/lib/matrademy/detail.action?docID=765501
|z Click to View
|